|
|
|
|
| LEADER |
03304nam a22003733i 4500 |
| 001 |
EBC7184698 |
| 003 |
MiAaPQ |
| 005 |
20231204023228.0 |
| 006 |
m o d | |
| 007 |
cr cnu|||||||| |
| 008 |
231204s2023 xx o ||||0 eng d |
| 020 |
|
|
|a 9780472903177
|q (electronic bk.)
|
| 020 |
|
|
|z 9780472075850
|
| 035 |
|
|
|a (MiAaPQ)EBC7184698
|
| 035 |
|
|
|a (Au-PeEL)EBL7184698
|
| 035 |
|
|
|a (OCoLC)1356744062
|
| 040 |
|
|
|a MiAaPQ
|b eng
|e rda
|e pn
|c MiAaPQ
|d MiAaPQ
|
| 082 |
0 |
|
|a 842.05230802
|
| 100 |
1 |
|
|a Enders, Jody.
|
| 245 |
1 |
0 |
|a Trial by Farce :
|b A Dozen Medieval French Comedies in English for the Modern Stage.
|
| 250 |
|
|
|a 1st ed.
|
| 264 |
|
1 |
|a Ann Arbor :
|b University of Michigan Press,
|c 2023.
|
| 264 |
|
4 |
|c ©2023.
|
| 300 |
|
|
|a 1 online resource (285 pages)
|
| 336 |
|
|
|a text
|b txt
|2 rdacontent
|
| 337 |
|
|
|a computer
|b c
|2 rdamedia
|
| 338 |
|
|
|a online resource
|b cr
|2 rdacarrier
|
| 505 |
0 |
|
|a Intro -- Contents -- Preface -- A Special Note to Actors and Directors -- Abbreviations and Short Titles -- List of Illustrations -- Introduction: Judgment Calls -- Farce to Farce with the Law -- On the Boundaries of Humor -- About This Translation: Le Mot Juste, l'Acte Juste -- Translational Politics and the Politics of Translation -- The Language of Farce -- Legal Players and Legalese -- Editions and Printed Sources -- Critical Apparatus, Stage Directions, and Composite Editions -- Money Math -- Prose, Verse, and Music -- Brief Plot Summaries -- The Plays -- 1. Not Gettin' Any [La Farce du Nouveau Marié qui ne peult fournir à l'appoinctement de sa femme] (Le Nouveau Marié) (RBM, #2) -- 2. Default Judgment Day, or, In Arrears [Une Femme qui demande les arrérages à son mari] (RBM, #8 -- Rousset, #6) -- 3. The Washtub: A New Translation [La Farce du Cuvier] (RBM, #4) -- 4. Basket Case [La Farce de la Femme qui fut desrobée à son mari en sa hotte et mise une pierre en son lieu] (RC, #23) -- 5. Who's Your Daddy? [Jenin, Filz de Rien] (RBM, #20) -- 6. Interlude: Beauballs, a Charivari [L'Esbatement de Coillebaut] (Ms. 25, Bibliothèque de Berne) -- 7. Poor Bastards [Les Batars de Caulx] (RLV, #48) -- 8. Talking Turkey, or, A Pilgrim's Progress [La Farce de Colin, filz de Thévot le maire, qui vient de Naples et amaine ung Turc prisonnier] (RC, #5 -- RBM, #47 -- Rousset, #2) -- 9. Okay, Cupid [Le Procès d'un jeune moyne et d'un viel gendarme] (RT, #29 -- Rousset, #7) -- 10. Witless Protection [La Mère, la Fille, le Tesmoing, L'Amoureulx, et l'Oficial] (L'Official) (RLV, #22) -- 11. The Trial of Johnny Slowpoke [Jehan de Lagny] (RLV, #31) -- 12. Runaway Groom: A Final Number [Le Porteur d'eau] (Paris, 1632) -- Appendix: Scholarly References to Copyrighted Materials -- Works Cited.
|
| 588 |
|
|
|a Description based on publisher supplied metadata and other sources.
|
| 590 |
|
|
|a Electronic reproduction. Ann Arbor, Michigan : ProQuest Ebook Central, 2023. Available via World Wide Web. Access may be limited to ProQuest Ebook Central affiliated libraries.
|
| 655 |
|
4 |
|a Electronic books.
|
| 776 |
0 |
8 |
|i Print version:
|a Enders, Jody
|t Trial by Farce
|d Ann Arbor : University of Michigan Press,c2023
|z 9780472075850
|
| 797 |
2 |
|
|a ProQuest (Firm)
|
| 856 |
4 |
0 |
|u https://ebookcentral.proquest.com/lib/matrademy/detail.action?docID=7184698
|z Click to View
|